| 000 | 00914nam a22002535i 4500 | ||
|---|---|---|---|
| 001 | 47808 | ||
| 003 | ES-MaACL | ||
| 005 | 20250815020354.0 | ||
| 007 | t| | ||
| 008 | 030527s1990 sp ||||0| spa j | ||
| 020 | _a84-7719-225-1 | ||
| 040 |
_aM-BN _bspa _cM-BN |
||
| 080 | _a352(460.18).075.3"12/14" | ||
| 100 | 1 |
_aJular Pérez-Alfaro, Cristina. _967213 |
|
| 245 | 1 | 4 |
_aLos adelantados y merinos mayores de León (siglos XIII-XV) / _cCristina Jular Pérez-Alfaro. |
| 260 |
_aLeón : _bUniversidad, Servicio de Publicaciones, _c1990. |
||
| 300 |
_aXIII, 570 p. ; _c24 cm. |
||
| 490 | 1 |
_aBiblioteca de Castilla y León. Serie Historia ; _v12 |
|
| 504 | _aBibliografía: p. 5-51. | ||
| 650 | 1 | 4 |
_aAdministración local- _zLeón (Reino)- _yS.XIII-XV. _99639 |
| 830 | 0 | 0 |
_aBiblioteca de Castilla y León. _pHistoria _v12 _9225497 |
| 852 |
_aES-MaACL _jL-26384 _bR.129655 |
||
| 999 |
_c47808 _d47808 |
||